Normal view MARC view

Entry Nome pessoal

Number of records used in: 7

001 - NÚMERO DE CONTROLE

  • campo de controle: 99

003 - IDENTIFICADOR DO NÚMERO DE CONTROLE

  • campo de controle: BR-RjBN

005 - DATA E HORÁRIO DA ÚLTIMA TRANSAÇÃO

  • campo de controle: 20250121153119.0

008 - CAMPO DE DADOS FIXOS

  • campo de controle de tamanho fixo: 020808 acnacab n a aaa

024 7# - OUTRO IDENTIFICADOR PADRÃO

  • Número padrão ou código: http://viaf.org/viaf/110244457
  • Fonte: VIAF

024 7# - OUTRO IDENTIFICADOR PADRÃO

  • Número padrão ou código: http://id.loc.gov/authorities/names/n50031121
  • Fonte: LCCN

035 ## - NÚMERO DE CONTROLE DO SISTEMA

  • Número de Controle do Sistema: 2002080815545417med

040 ## - FONTE DA CATALOGAÇÃO

  • Instituição da catalogação original: BR-RjBN
  • Idioma da catalogação: por

100 1# - CABEÇALHO--NOME PESSOAL

  • Nome pessoal: Bach, Richard,
  • Datas associadas ao nome: 1936-

400 1# - REMISSIVA VER--NOME PESSOAL

  • Nome pessoal: Bakh, Richard
  • Datas associadas ao nome: 1936-

400 1# - REMISSIVA VER--NOME PESSOAL

  • Nome pessoal: Bakh, R.
  • Forma completa do nome: (Richard)
  • Datas associadas ao nome: 1936-

400 1# - REMISSIVA VER--NOME PESSOAL

  • Nome pessoal: Bach, Richard D.
  • Datas associadas ao nome: 1936-

670 ## - FONTE POSITIVA DOS DADOS

  • Citação da fonte positiva dos dados: Autor de: Fernão Capelo Gaivota...1974.

670 ## - FONTE POSITIVA DOS DADOS

  • Citação da fonte positiva dos dados: LC microf. 77/81 sept.
  • Dados encontrados na fonte localizada no subcampo: (AACR2)

670 ## - FONTE POSITIVA DOS DADOS

  • Citação da fonte positiva dos dados: LC 87/93

670 ## - FONTE POSITIVA DOS DADOS

  • Citação da fonte positiva dos dados: Seu: O paraíso é uma questão pessoal. 1998.
  • Dados encontrados na fonte localizada no subcampo: (ficha cat.: d.n.)

670 ## - FONTE POSITIVA DOS DADOS

  • Citação da fonte positiva dos dados: LC authority 8/8/02

670 ## - FONTE POSITIVA DOS DADOS

  • Citação da fonte positiva dos dados: http://blpc.bl.uk
  • Dados encontrados na fonte localizada no subcampo: (d.n.)

670 ## - FONTE POSITIVA DOS DADOS

  • Citação da fonte positiva dos dados: http://www.geocities.com/rbsite2000/_private/R_Bach/R_Bach_Biography.htm
  • Dados encontrados na fonte localizada no subcampo: (d.n.)

670 ## - FONTE POSITIVA DOS DADOS

  • Citação da fonte positiva dos dados: http://en.wikipedia.org/wiki/Richard_Bach
  • Dados encontrados na fonte localizada no subcampo: (d.n.)

670 ## - FONTE POSITIVA DOS DADOS

  • Citação da fonte positiva dos dados: LC Authorities 22/07/2020
  • Dados encontrados na fonte localizada no subcampo: (d.n., rems. ; escritor americano. Os livros de Bach defendem sua filosofia de que nossos limites físicos aparentes e mortalidade são apenas aparência. Bach é conhecido por seu amor por voar e por seus livros relacionados a vôo aéreo e vôo em um contexto metafórico)

670 ## - FONTE POSITIVA DOS DADOS

  • Citação da fonte positiva dos dados: https://catalogue.bnf.fr/ark:/12148/cb118897938 22/07/2020
  • Dados encontrados na fonte localizada no subcampo: (d.n. ; escritor e piloto de avião)

Powered by Koha